[Event "11. Lichtenberger Sommer"]
[Site "Berlin"]
[Date "2012.08.25"]
[Round "8.60"]
[White "Kurbel, Horst-Peter"]
[Black "Reiche, Henry"]
[Result "0-1"]
[WhiteElo "1865"]
[BlackElo "2004"]
[PlyCount "128"]
[EventDate "2012.??.??"]
[WhiteTeam "FC Bayern München e.V."]
[BlackTeam "SC Zugzwang 95 e.V."]

1. d4 Nf6 2. c4 e5 3. dxe5 Ng4 4. e4 Nxe5 5. f4 Nec6 6. Be3 Bb4+ 7. Nd2 Qe7 8.
Bd3 Bc5 9. Qe2 Bxe3 10. Qxe3 d6 11. Ngf3 Nd7 12. O-O O-O 13. Rae1 Re8 14. Rf2
Nc5 15. Bb1 f6 16. Rfe2 Bg4 17. h3 Bh5 18. g4 Bf7 19. b3 a5 20. Nd4 Nxd4 21.
Qxd4 Ne6 22. Qe3 Nf8 23. Nf3 Nd7 24. g5 a4 25. gxf6 Qxf6 26. Ng5 Bh5 27. Rg2 h6
28. e5 dxe5 29. Qd3 Nf8 30. Ne4 Qd8 31. Qg3 Qd4+ 32. Kh2 exf4 33. Qxf4 Kh8 34.
Qxc7 Qe5+ 35. Qxe5 Rxe5 36. Reg1 g5 37. Nd6 axb3 38. axb3 Ra6 39. Nb5 Rf6 40.
Nc3 Rf3 41. Rg3 Ree3 42. Rxf3 Bxf3 43. Rg3 Rxc3 44. Be4 Rxb3 45. Rxf3 Rxf3 46.
Bxf3 b6 47. h4 Kg7 48. hxg5 hxg5 49. Kg3 Kf6 50. Kg4 Ng6 51. Be2 Ne5+ 52. Kg3
Kf5 53. Bf1 Ke4 54. Bg2+ Kd4 55. Bf1 Nxc4 56. Kf2 b5 57. Bh3 b4 58. Bf5 b3 59.
Ke2 b2 60. Bb1 Na3 61. Bg6 b1=Q 62. Bxb1 Nxb1 63. Kf3 Ke5 64. Kg4 Kf6 0-1

[Event "11. Lichtenberger Sommer"]
[Site "Berlin"]
[Date "2012.08.25"]
[Round "8.62"]
[White "Strehlow, Horst"]
[Black "Meyer, Willfried"]
[Result "0-1"]
[WhiteElo "2074"]
[BlackElo "1807"]
[PlyCount "82"]
[EventDate "2012.??.??"]
[WhiteTeam "SC Friesen Lichtenberg e.V."]
[BlackTeam "SC Zugzwang 95 e.V."]

1. e4 c5 2. d4 cxd4 3. Nf3 d6 4. Nxd4 Nf6 5. Nc3 g6 6. Bc4 Bg7 7. f3 Nc6 8. Be3
Bd7 9. Qd2 Ne5 10. Bb3 Rc8 11. O-O-O Qa5 12. g4 Nc4 13. Bxc4 Rxc4 14. Nb3 Qa6
15. e5 Nxg4 16. fxg4 Bxg4 17. Nd5 Qxa2 18. Bd4 O-O 19. Bc3 Bxe5 20. Bxe5 dxe5
21. Nc3 Qa6 22. Rde1 Bf3 23. Rhf1 e4 24. Kb1 Rfc8 25. Rf2 e5 26. Qd5 Qb6 27.
Rd2 e3 28. Qxf3 exd2 29. Rd1 a5 30. Rxd2 a4 31. Rd7 Rf4 32. Nxa4 Qb5 33. Qxb7
Rf1+ 34. Nc1 Qc4 35. Nc3 Re8 36. Qd5 Qxd5 37. Nxd5 e4 38. Ne3 Re1 39. Nd5 Kg7
40. c4 e3 41. Kc2 Rxc1+ 0-1

[Event "11. Lichtenberger Sommer"]
[Site "Berlin"]
[Date "2012.08.25"]
[Round "8.63"]
[White "Matitschka, Heinz"]
[Black "Schlittermann, Wolfgang"]
[Result "1-0"]
[WhiteElo "1870"]
[BlackElo "1755"]
[PlyCount "63"]
[EventDate "2012.??.??"]
[WhiteTeam "TSG Oberschöneweide e.V."]
[BlackTeam "SV Osram e.V."]

1. d4 Nf6 2. c4 e6 3. Nf3 h6 4. Nc3 Bb4 5. e3 Ne4 6. Qc2 d5 7. Bd3 Nf6 8. O-O
dxc4 9. Bxc4 c6 10. Ne5 Bd6 11. f4 b5 12. Bd3 Na6 13. Nxc6 Qc7 14. Nxb5 Qd7 15.
Ne5 Bxe5 16. fxe5 Nd5 17. Nd6+ Kf8 18. Rxf7+ Qxf7 19. Nxf7 Kxf7 20. Bd2 Rd8 21.
Rf1+ Kg8 22. Qc6 Bd7 23. Qxa6 Rdb8 24. Bb1 Ne7 25. Qd3 Nf5 26. g4 Bb5 27. Qb3
Bxf1 28. Qxe6+ Kf8 29. Qxf5+ Ke7 30. Qxf1 Rxb2 31. Bc3 Rb7 32. a3 1-0

[Event "11. Lichtenberger Sommer"]
[Site "Berlin"]
[Date "2012.08.25"]
[Round "8.64"]
[White "Prix, Siegfried"]
[Black "Barwich, Andreas"]
[Result "1/2-1/2"]
[WhiteElo "1800"]
[BlackElo "1945"]
[PlyCount "130"]
[EventDate "2012.??.??"]
[WhiteTeam "Sfrd. Berlin 1903 e.V."]
[BlackTeam "SV Berolina Mitte e.V."]

1. e4 c5 2. c4 Nc6 3. Nf3 e6 4. d4 cxd4 5. Nxd4 Nf6 6. Nc3 Bb4 7. f3 Qa5 8.
Ndb5 a6 9. Nd6+ Ke7 10. Nxc8+ Raxc8 11. Bd2 Qc7 12. a3 Bd6 13. g3 Be5 14. f4
Bd4 15. e5 Ne8 16. Rc1 d6 17. Bh3 dxe5 18. Nd5+ exd5 19. cxd5 Rd8 20. dxc6 Nf6
21. Bb4+ Ke8 22. Qa4 b6 23. Qxa6 exf4 24. Qe2+ Be3 25. gxf4 Qxf4 26. Rc4 Ne4
27. Bd7+ Rxd7 28. cxd7+ Kd8 29. Qc2 Bf2+ 30. Ke2 Qe3+ 31. Kf1 Qh3+ 32. Ke2 Qe3+
33. Kd1 Qf3+ 34. Qe2 Qxh1+ 35. Kc2 Nc5 36. Qxf2 Qd5 37. Qd4 Qxd4 38. Rxd4 Nxd7
39. Rg4 g6 40. Bc3 f6 41. Rd4 Re8 42. h4 Re6 43. Kd3 Kc7 44. Kc4 Kc6 45. a4 Nc5
46. a5 b5+ 47. Kb4 Na6+ 48. Kb3 Rd6 49. Rxd6+ Kxd6 50. Bxf6 Kd5 51. Kc2 b4 52.
Kb3 Kc5 53. Ka4 h6 54. Be7+ Kc6 55. Bxb4 g5 56. hxg5 hxg5 57. Be7 g4 58. b4
Nxb4 59. Kxb4 g3 60. Bh4 g2 61. Bf2 Kb7 62. Kb5 Kb8 63. Kb6 Ka8 64. Bg1 Kb8 65.
a6 Ka8 1/2-1/2

[Event "11. Lichtenberger Sommer"]
[Site "Berlin"]
[Date "2012.08.25"]
[Round "8.65"]
[White "Schrodt, Horst"]
[Black "Deutschbein, Christopher"]
[Result "0-1"]
[WhiteElo "1730"]
[BlackElo "2049"]
[PlyCount "60"]
[EventDate "2012.??.??"]
[WhiteTeam "SC Eintracht Berlin e.V."]
[BlackTeam "Bille SC von 1924 e.V."]

1. d4 Nf6 2. c4 e5 3. dxe5 Ng4 4. Nf3 Bc5 5. e3 Nc6 6. Be2 Ngxe5 7. Nxe5 Nxe5
8. O-O O-O 9. Nd2 d6 10. b3 Bf5 11. Nf3 Qf6 12. Nd4 Bg6 13. Bb2 h6 14. Qd2 Qe7
15. Qc3 f6 16. Nf3 Rae8 17. Nxe5 fxe5 18. b4 Bb6 19. Ba3 c6 20. c5 Bc7 21. Bc4+
d5 22. Bd3 e4 23. Be2 Be5 24. Qb3 Bxa1 25. Rxa1 Rxf2 26. Bf3 Rd2 27. Bg4 Qg5
28. h3 Rd3 29. Qa4 Qxe3+ 30. Kh1 Rxa3 0-1

[Event "11. Lichtenberger Sommer"]
[Site "Berlin"]
[Date "2012.08.25"]
[Round "8.67"]
[White "Jeremic, Nemanja"]
[Black "Bandlow, Matthias"]
[Result "1/2-1/2"]
[WhiteElo "1649"]
[BlackElo "1971"]
[PlyCount "84"]
[EventDate "2012.??.??"]
[WhiteTeam "BSC Rehberge 1945 e.V."]
[BlackTeam "SC Borussia Friedrichsfelde 1920"]

1. e4 c5 2. Nc3 d6 3. g3 Nf6 4. Bg2 e6 5. d3 Be7 6. f4 Nc6 7. Nf3 O-O 8. O-O d5
9. exd5 exd5 10. Kh1 Re8 11. d4 b6 12. Be3 Bf5 13. Ne5 Nxd4 14. Bxd4 cxd4 15.
Qxd4 Bxc2 16. Nxd5 Rc8 17. Nxe7+ Qxe7 18. Rac1 Red8 19. Qf2 Be4 20. Bxe4 Nxe4
21. Qe3 Qb7 22. Kg1 Rxc1 23. Rxc1 Qd5 24. Nc6 Qd2 25. Qxd2 Rxd2 26. Re1 Nf6 27.
Re7 Kf8 28. Rxa7 Rxb2 29. Ne5 Rb1+ 30. Kg2 Rb2+ 31. Kh3 Ne4 32. Rxf7+ Kg8 33.
Rb7 g5 34. fxg5 Nxg5+ 35. Kg4 Ne4 36. h3 Rxa2 37. Rxb6 Ra3 38. Nf3 Nf2+ 39. Kf4
Nxh3+ 40. Kg4 Nf2+ 41. Kf4 Nh3+ 42. Kg4 Nf2+ 1/2-1/2

[Event "11. Lichtenberger Sommer"]
[Site "Berlin"]
[Date "2012.08.25"]
[Round "8.68"]
[White "Räcke, Norbert"]
[Black "Herrmann, Eberhard"]
[Result "1-0"]
[WhiteElo "1835"]
[BlackElo "1859"]
[PlyCount "39"]
[EventDate "2012.??.??"]
[WhiteTeam "Queer-Springer SSV Berlin"]
[BlackTeam "SC Friesen Lichtenberg e.V."]

1. d4 d5 2. c4 Nf6 3. cxd5 Nxd5 4. Nf3 g6 5. e4 Nf6 6. Nc3 Bg7 7. h3 a6 8. a4
Nc6 9. Bc4 a5 10. e5 Ng8 11. O-O Nh6 12. Re1 O-O 13. Bf4 Nb4 14. Qd2 Nf5 15.
Rad1 Bh8 16. g4 Ng7 17. Bh6 c6 18. Ng5 e6 19. Nge4 Qh4 20. Nf6+ 1-0

[Event "11. Lichtenberger Sommer"]
[Site "Berlin"]
[Date "2012.08.25"]
[Round "8.69"]
[White "Schneider, Eckehard"]
[Black "Junge, Wolfgang"]
[Result "1/2-1/2"]
[WhiteElo "1795"]
[BlackElo "1799"]
[PlyCount "160"]
[EventDate "2012.??.??"]
[WhiteTeam "Sfrd. Berlin 1903 e.V."]
[BlackTeam "SC Friesen Lichtenberg e.V."]

1. e4 e5 2. Nf3 Nf6 3. Nxe5 d6 4. Nf3 Nxe4 5. Nc3 Nf6 6. d4 d5 7. Bd3 Be7 8. h3
O-O 9. O-O Nbd7 10. Bf4 c6 11. Qd2 Re8 12. Rfe1 Nf8 13. Re2 Ne6 14. Be5 Nd7 15.
Bg3 Ndf8 16. Rae1 Bd7 17. Nd1 Ng6 18. Bxg6 hxg6 19. Ne5 Bf6 20. c3 Bxe5 21.
Bxe5 Qg5 22. Qxg5 Nxg5 23. f3 Ne6 24. Nf2 f6 25. Bd6 Kf7 26. Nd3 Rad8 27. Kf2
Bc8 28. Bg3 b6 29. Re3 g5 30. Bb8 Rd7 31. Nb4 Bb7 32. Bxa7 b5 33. Bb6 Rde7 34.
Nd3 g6 35. Bc5 Nxc5 36. Rxe7+ Rxe7 37. Rxe7+ Kxe7 38. Nxc5 Bc8 39. Nd3 Bf5 40.
Ke3 Kd6 41. Nc5 Bc8 42. a4 bxa4 43. Nxa4 Ba6 44. Nc5 Bf1 45. Kf2 Bb5 46. g3 Bc4
47. Ke3 Bf1 48. h4 gxh4 49. gxh4 Bc4 50. Kf4 Be2 51. Ke3 Bc4 52. Kd2 Bb5 53.
Kc2 Be2 54. f4 Bc4 55. b3 Bb5 56. Kb2 Be2 57. Ka3 Bb5 58. Kb4 Be2 59. Ka5 Bb5
60. Kb6 Be2 61. Nb7+ Kd7 62. Kc5 Bb5 63. c4 dxc4 64. bxc4 Ba4 65. Nd6 Bc2 66.
Nf7 Be4 67. Nd6 Bc2 68. d5 cxd5 69. Kxd5 Bd1 70. Ne4 Bf3 71. Kd4 Ke6 72. Ng3
Kd6 73. f5 gxf5 74. h5 f4 75. Ne4+ Ke6 76. h6 Kf7 77. c5 Kg6 78. c6 Kxh6 79. c7
Bg4 80. Nxf6 Bc8 1/2-1/2

[Event "11. Lichtenberger Sommer"]
[Site "Berlin"]
[Date "2012.08.25"]
[Round "8.70"]
[White "Engers, Felix"]
[Black "Knopf, Roland"]
[Result "1-0"]
[WhiteElo "1767"]
[BlackElo "1886"]
[PlyCount "57"]
[EventDate "2012.??.??"]
[WhiteTeam "SC Zitadelle Spandau 1977 e.V."]
[BlackTeam "SC Kreuzberg e.V."]

1. c4 Nf6 2. g3 d6 3. Bg2 g6 4. Nc3 Bg7 5. e4 O-O 6. Nge2 Nc6 7. O-O Be6 8. d3
Nh5 9. f4 Nd4 10. Be3 Bg4 11. Qd2 c5 12. f5 gxf5 13. Nf4 Nxf4 14. Bxf4 fxe4 15.
Bxe4 Qd7 16. Bh6 Nf5 17. Bxg7 Nxg7 18. Qh6 f5 19. Bd5+ e6 20. h3 exd5 21. hxg4
fxg4 22. Nxd5 Qe6 23. Nf6+ Rxf6 24. Qxf6 Qe3+ 25. Kg2 h5 26. Qf7+ Kh8 27. Qg6
Re8 28. Rf2 Re6 29. Rf8# 1-0

[Event "11. Lichtenberger Sommer"]
[Site "Berlin"]
[Date "2012.08.25"]
[Round "8.71"]
[White "Grassi, Fabrizio"]
[Black "Schönemann, Manfred"]
[Result "1-0"]
[WhiteElo "1933"]
[BlackElo "1788"]
[PlyCount "53"]
[EventDate "2012.??.??"]
[WhiteTeam "SV Berlin-Friedrichstadt"]
[BlackTeam "SV Turbine Berlin e.V."]

1. d4 Nf6 2. Bf4 e6 3. e3 c5 4. c3 Nc6 5. Nd2 d5 6. Bd3 cxd4 7. exd4 Bd6 8.
Bxd6 Qxd6 9. Ngf3 O-O 10. O-O a5 11. Qe2 b6 12. Ne5 Bb7 13. Ndf3 h6 14. Rae1
Rfe8 15. Nxc6 Bxc6 16. Ne5 Bb7 17. f4 Re7 18. g4 Nd7 19. Nxd7 Rxd7 20. f5 Re8
21. f6 gxf6 22. Rxf6 Kg7 23. Ref1 Qf8 24. Bb5 Rde7 25. Bxe8 Qxe8 26. Qe5 Kh7
27. Qh5 1-0

[Event "11. Lichtenberger Sommer"]
[Site "Berlin"]
[Date "2012.08.25"]
[Round "8.72"]
[White "Wierzbicki, Jirawat"]
[Black "Getzuhn, Detlef"]
[Result "1/2-1/2"]
[WhiteElo "1584"]
[BlackElo "1904"]
[PlyCount "94"]
[EventDate "2012.??.??"]
[WhiteTeam "TuS Makkabi Berlin e.V."]
[BlackTeam "SV Senat e.V."]

1. e4 e6 2. d4 d5 3. Nc3 Nf6 4. Bd3 c5 5. Nf3 Nc6 6. dxc5 Bxc5 7. exd5 exd5 8.
O-O O-O 9. a3 Bg4 10. h3 Bh5 11. Be2 a6 12. Bg5 d4 13. Ne4 Be7 14. Bxf6 Bxf6
15. Nxf6+ Qxf6 16. Nxd4 Bxe2 17. Nxe2 Qxb2 18. Rb1 Qxa3 19. Rxb7 Rad8 20. Qa1
Qxa1 21. Rxa1 a5 22. Rb6 Ne5 23. Rb5 Nc4 24. Rc5 Rc8 25. Rxc8 Rxc8 26. Ra4 Rc5
27. Nd4 Nb6 28. Ra2 Rc4 29. Rb2 Nd7 30. Nf5 g6 31. Rb7 Nf8 32. Nh6+ Kg7 33.
Rxf7+ Kxh6 34. Rxf8 Rxc2 35. Ra8 Rc1+ 36. Kh2 Ra1 37. g3 Ra2 38. Kg2 Kg5 39.
Ra7 h5 40. Ra6 Kf5 41. g4+ hxg4 42. hxg4+ Kg5 43. Kg3 Ra3+ 44. f3 Kh6 45. Kf4
Ra4+ 46. Kg3 Ra3 47. Kf4 Ra4+ 1/2-1/2

[Event "11. Lichtenberger Sommer"]
[Site "Berlin"]
[Date "2012.08.25"]
[Round "8.73"]
[White "Bandlow, Reinhard"]
[Black "Dittrich, Hans-Georg"]
[Result "1/2-1/2"]
[WhiteElo "1983"]
[BlackElo "1748"]
[PlyCount "26"]
[EventDate "2012.??.??"]
[WhiteTeam "SV Bau-Union e.V."]
[BlackTeam "SG Blau-Weiß Stadtilm"]

1. e4 e5 2. Nf3 Nc6 3. Bb5 f5 4. Bxc6 dxc6 5. O-O fxe4 6. Nxe5 Nf6 7. d4 exd3
8. Re1 Be7 9. cxd3 O-O 10. Nc3 Nd5 11. Ne4 Nf6 12. Be3 Nxe4 13. dxe4 Qxd1
1/2-1/2

[Event "11. Lichtenberger Sommer"]
[Site "Berlin"]
[Date "2012.08.25"]
[Round "8.74"]
[White "Jachym, Christoph"]
[Black "Birkholz, Axel"]
[Result "0-1"]
[WhiteElo "1629"]
[BlackElo "1882"]
[PlyCount "110"]
[EventDate "2012.??.??"]
[WhiteTeam "SC Zugzwang 95 e.V."]
[BlackTeam "SV Trossingen"]

1. e4 c5 2. c3 Nf6 3. e5 Nd5 4. d4 cxd4 5. cxd4 d6 6. Nf3 Nc6 7. Bc4 Nb6 8. Bb3
dxe5 9. Nxe5 Nxe5 10. dxe5 Qxd1+ 11. Kxd1 Bf5 12. Bd2 e6 13. Nc3 Bb4 14. Rc1
O-O 15. Bg5 h6 16. Bh4 g5 17. Bg3 Rad8+ 18. Ke1 Nd5 19. Bxd5 exd5 20. a3 Ba5
21. b4 Bb6 22. Nb5 f6 23. exf6 Rxf6 24. h4 Bd3 25. Nc3 Bc4 26. f3 Re6+ 27. Kd2
Be3+ 28. Kc2 Bxc1 29. Kxc1 Re3 30. Kc2 d4 31. Ne4 Re2+ 32. Kc1 Rxg2 33. hxg5 d3
34. gxh6 Rxg3 35. Nxg3 d2+ 36. Kc2 d1=Q+ 37. Rxd1 Bb3+ 38. Kxb3 Rxd1 39. Kc4
Kh7 40. a4 Kxh6 41. Ne4 Kg6 42. Kc5 Rd7 43. a5 Kf5 44. Nd6+ Ke6 45. Ne4 Ke5 46.
a6 bxa6 47. Kc6 Rd3 48. Nc5 Rxf3 49. Kb7 Kd5 50. Nxa6 Rf7+ 51. Kb8 Kc6 52. Ka8
Kb6 53. b5 Rf8+ 54. Nb8 Kc7 55. b6+ axb6 0-1

[Event "11. Lichtenberger Sommer"]
[Site "Berlin"]
[Date "2012.08.25"]
[Round "8.75"]
[White "Baatz, Karl-Heinz"]
[Black "Soliva Ruiz, Ramon"]
[Result "1/2-1/2"]
[WhiteElo "1807"]
[BlackElo "1620"]
[PlyCount "81"]
[EventDate "2012.??.??"]
[WhiteTeam "SF Friedrichshagen"]
[BlackTeam "Ateneo Maritimo Valencia"]

1. e4 c5 2. Nf3 d6 3. c3 Nc6 4. h3 Nf6 5. Bd3 g6 6. Bc2 Bg7 7. O-O O-O 8. a3 b6
9. Qe2 Qc7 10. d4 Nh5 11. Be3 Kh8 12. Nbd2 e5 13. dxe5 dxe5 14. Kh2 f5 15. Bg5
Ne7 16. Kg1 f4 17. Bxe7 Qxe7 18. Nh2 Qe8 19. Bd1 a5 20. a4 Ra7 21. Qb5 Qxb5 22.
axb5 Nf6 23. Re1 Be6 24. c4 Rd7 25. Nhf3 Nh5 26. Be2 Bf6 27. b3 g5 28. Nh2 Rg8
29. Rad1 Rdg7 30. f3 Ng3 31. Ndf1 Nxf1 32. Kxf1 Be7 33. Rc1 h5 34. Bd1 Rd8 35.
Rc2 Bf6 36. Be2 Rgd7 37. Rec1 Kg7 38. Ke1 Kg6 39. Rd1 Kh6 40. Rcd2 Rxd2 41.
Rxd2 1/2-1/2

[Event "11. Lichtenberger Sommer"]
[Site "Berlin"]
[Date "2012.08.25"]
[Round "8.76"]
[White "Schindler, Rudolf"]
[Black "Pöltelt, Helmut"]
[Result "1-0"]
[WhiteElo "1767"]
[BlackElo "1732"]
[PlyCount "49"]
[EventDate "2012.??.??"]
[WhiteTeam "SG Lasker Steglitz-Wilmersdorf"]
[BlackTeam "SC Rochade e.V."]

1. Nf3 Nf6 2. b4 e6 3. a3 c5 4. bxc5 Bxc5 5. e3 d5 6. d4 Bd6 7. Nbd2 Qa5 8. Bd3
Qc3 9. Ra2 Nbd7 10. Bb2 Qc6 11. O-O Nb6 12. Qe2 a6 13. c4 Na4 14. Ba1 O-O 15.
c5 Be7 16. Ne5 Qc7 17. Bc2 Qa5 18. Qd3 b5 19. g4 g6 20. f3 Qc7 21. g5 Ne8 22.
f4 f6 23. Nxg6 hxg6 24. Qxg6+ Ng7 25. Qh7+ 1-0

[Event "11. Lichtenberger Sommer"]
[Site "Berlin"]
[Date "2012.08.25"]
[Round "8.77"]
[White "Schönberger, Kay"]
[Black "Acikel, Mert"]
[Result "1/2-1/2"]
[WhiteElo "1899"]
[BlackElo "1791"]
[PlyCount "80"]
[EventDate "2012.??.??"]
[WhiteTeam "SV Koblenz 03/25"]
[BlackTeam "VfB Hermsdorf e.V."]

1. e4 e5 2. Nf3 Nc6 3. d4 exd4 4. Bc4 Nf6 5. O-O Bc5 6. e5 d5 7. exf6 dxc4 8.
Re1+ Be6 9. fxg7 Rg8 10. Ng5 Qd5 11. Rxe6+ fxe6 12. Qh5+ Kd7 13. Qf7+ Be7 14.
Bf4 Ne5 15. Bxe5 Qxe5 16. Nf3 Qxg7 17. Qxg7 Rxg7 18. Nxd4 Bf6 19. c3 Bxd4 20.
cxd4 Rg4 21. Na3 Rxd4 22. Rc1 Rf8 23. Nxc4 Rf5 24. Ne3 Rb5 25. Rc2 Rb6 26. g4
Rc6 27. Re2 Rc5 28. Kg2 Ra5 29. b3 h5 30. h3 hxg4 31. hxg4 Rg5 32. Kg3 Rg8 33.
Kh4 b5 34. Kh5 c5 35. Kh6 c4 36. bxc4 bxc4 37. Kh7 Rc8 38. g5 Rh4+ 39. Kg7 Rf4
40. g6 Rc7 1/2-1/2

[Event "11. Lichtenberger Sommer"]
[Site "Berlin"]
[Date "2012.08.25"]
[Round "8.78"]
[White "Hubbe, Bernd"]
[Black "Grothe, Michael"]
[Result "1-0"]
[WhiteElo "1409"]
[BlackElo "1260"]
[PlyCount "43"]
[EventDate "2012.??.??"]
[WhiteTeam "SC Rotation Pankow e.V."]
[BlackTeam "SK König Tegel 1949 e.V."]

1. d4 d5 2. e3 e6 3. c4 b6 4. Nc3 Nf6 5. cxd5 exd5 6. Bd3 Bb7 7. Nh3 h6 8. O-O
Be7 9. Re1 c6 10. a3 O-O 11. b4 a6 12. Bb2 Re8 13. e4 dxe4 14. Nxe4 Nxe4 15.
Rxe4 Bf6 16. Qe1 Re7 17. Qe3 c5 18. Rxe7 Bxe7 19. Re1 Nc6 20. Qe4 Bf6 21. Qh7+
Kf8 22. Qh8# 1-0

[Event "11. Lichtenberger Sommer"]
[Site "Berlin"]
[Date "2012.08.25"]
[Round "8.79"]
[White "Kasper, Peter"]
[Black "Rehder, Frank"]
[Result "1/2-1/2"]
[WhiteElo "1822"]
[BlackElo "1879"]
[PlyCount "103"]
[EventDate "2012.??.??"]
[WhiteTeam "SG Eckturm"]
[BlackTeam "SC Zugzwang 95 e.V."]

1. b4 e5 2. Bb2 d6 3. c4 Nf6 4. e3 g6 5. b5 Bg7 6. Nf3 O-O 7. d3 Nbd7 8. Be2 b6
9. Nfd2 Bb7 10. Bf3 Bxf3 11. Nxf3 Nh5 12. Qc2 f5 13. Nbd2 Qe7 14. O-O-O a6 15.
a4 axb5 16. axb5 Ra2 17. Nb1 Rfa8 18. Nc3 R2a7 19. Kd2 Nhf6 20. Ra1 Ng4 21.
Rxa7 Rxa7 22. h3 Ngf6 23. Ra1 Rxa1 24. Bxa1 Nc5 25. Bb2 h6 26. Ba3 Ne6 27. Nd5
Qe8 28. Nc3 Qe7 29. Nxe5 Qe8 30. Nc6 Qf7 31. Bb2 Nc5 32. Ne2 g5 33. f3 Ncd7 34.
d4 Nh5 35. d5 Bxb2 36. Qxb2 Nc5 37. Ncd4 f4 38. e4 Qf6 39. Qb1 Ng3 40. Qa1 Nxe2
41. Kxe2 Kh7 42. Nb3 Qxa1 43. Nxa1 Kg6 44. Nc2 h5 45. Nb4 g4 46. hxg4 hxg4 47.
Na6 g3 48. Nxc7 Kf6 49. Ne8+ Ke5 50. Ng7 Na4 51. Nf5 Nb2 52. c5 1/2-1/2

[Event "11. Lichtenberger Sommer"]
[Site "Berlin"]
[Date "2012.08.25"]
[Round "8.80"]
[White "Heinrich, Wesko"]
[Black "Bollenbach, Horst"]
[Result "1/2-1/2"]
[WhiteElo "1555"]
[BlackElo "1742"]
[PlyCount "40"]
[EventDate "2012.??.??"]
[WhiteTeam "SG Narva Berlin e.V."]
[BlackTeam "SC Friesen Lichtenberg e.V."]

1. e4 c5 2. Nf3 Nc6 3. Bb5 e6 4. Bxc6 dxc6 5. Nc3 Nf6 6. e5 Nd5 7. d3 Be7 8.
Bd2 b6 9. Ne4 Ba6 10. O-O h6 11. Re1 Qd7 12. Qe2 g5 13. Be3 O-O-O 14. Nfd2 Qc7
15. Qf3 Qxe5 16. Qxf7 Rdf8 17. Nf3 Qf5 18. Qxe7 Nxe7 19. Nd6+ Kd7 20. Nxf5 Rxf5
1/2-1/2

[Event "11. Lichtenberger Sommer"]
[Site "Berlin"]
[Date "2012.08.25"]
[Round "8.81"]
[White "Kapp, Frank"]
[Black "Güldenpfennig, Gavin"]
[Result "1-0"]
[WhiteElo "1887"]
[BlackElo "1544"]
[PlyCount "71"]
[EventDate "2012.??.??"]
[WhiteTeam "TSV IFA Chemnitz"]
[BlackTeam "BSC Rehberge 1945 e.V."]

1. d4 d5 2. c4 e6 3. Nc3 Nf6 4. Bg5 Nbd7 5. e3 Be7 6. Nf3 c5 7. Rc1 b6 8. cxd5
exd5 9. Bd3 c4 10. Bb1 h6 11. Bh4 Bb7 12. O-O Ne4 13. Bxe7 Qxe7 14. Nd2 Ndf6
15. Ncxe4 dxe4 16. Qa4+ Nd7 17. Rxc4 Bd5 18. Rc7 a5 19. Rfc1 Rd8 20. Ra7 f5 21.
Rcc7 Be6 22. g3 g5 23. Qc6 Rh7 24. d5 Bg8 25. a3 h5 26. Nc4 Kf8 27. Nxb6 Ne5
28. Rxe7 Nxc6 29. Rxh7 Nxa7 30. Rxa7 Bxd5 31. Nxd5 Rxd5 32. Ba2 Rd2 33. Rf7+
Ke8 34. Rxf5 Rxb2 35. Bf7+ Ke7 36. Bxh5 1-0

[Event "11. Lichtenberger Sommer"]
[Site "Berlin"]
[Date "2012.08.25"]
[Round "8.82"]
[White "Becker, Uwe"]
[Black "Kretzschmar, Jan"]
[Result "0-1"]
[WhiteElo "1817"]
[BlackElo "1839"]
[PlyCount "42"]
[EventDate "2012.??.??"]
[WhiteTeam "SV Glück auf Rüdersdorf e.V."]
[BlackTeam "SC Kreuzberg e.V."]

1. f4 d5 2. Nf3 Nf6 3. g3 g6 4. Bg2 Bg7 5. c3 O-O 6. d3 c5 7. O-O e6 8. Na3 a6
9. Nc2 Nbd7 10. d4 Ne4 11. Ng5 Ndf6 12. dxc5 Nxc5 13. Be3 Qc7 14. Bd4 Ncd7 15.
Ne1 h6 16. Ngf3 Ne4 17. Bxg7 Kxg7 18. Qd4+ Ndf6 19. Ne5 Qa5 20. Rc1 Rd8 21.
N1d3 Qxa2 0-1

[Event "11. Lichtenberger Sommer"]
[Site "Berlin"]
[Date "2012.08.25"]
[Round "8.83"]
[White "Remboldt, Viktor"]
[Black "Möller, Dustin"]
[Result "1/2-1/2"]
[WhiteElo "1802"]
[BlackElo "1838"]
[PlyCount "31"]
[EventDate "2012.??.??"]
[WhiteTeam "Bille SC von 1924 e.V."]
[BlackTeam "Eckernförder SC von 1921"]

1. e4 d6 2. Bc4 Nf6 3. Nc3 c6 4. d3 d5 5. Bb3 e6 6. Bg5 Be7 7. Nf3 O-O 8. O-O
Na6 9. Nd2 Nc5 10. f4 Re8 11. Qe2 Qb6 12. Kh1 a5 13. exd5 Nxb3 14. axb3 Nxd5
15. Bxe7 Nxe7 16. Nc4 1/2-1/2

[Event "11. Lichtenberger Sommer"]
[Site "Berlin"]
[Date "2012.08.25"]
[Round "8.84"]
[White "Dittrich, Tom"]
[Black "Harringer, Manfred"]
[Result "0-1"]
[WhiteElo "1627"]
[BlackElo "1900"]
[PlyCount "74"]
[EventDate "2012.??.??"]
[WhiteTeam "SG Blau-Weiß Stadtilm"]
[BlackTeam "vereinslos"]

1. e4 c6 2. d4 d5 3. exd5 cxd5 4. Bd3 Nc6 5. c3 e6 6. Bf4 Bd6 7. Bxd6 Qxd6 8.
Nf3 Nge7 9. Nbd2 e5 10. dxe5 Nxe5 11. Nxe5 Qxe5+ 12. Qe2 Qxe2+ 13. Bxe2 Bf5 14.
O-O Nc6 15. Bf3 O-O-O 16. Nb3 Bc2 17. Rfe1 Rd6 18. Rac1 Bxb3 19. axb3 Rhd8 20.
b4 a6 21. Be2 d4 22. cxd4 Kb8 23. b5 axb5 24. Bxb5 Nxd4 25. Bc4 Rc6 26. Bf1
Rxc1 27. Rxc1 Rd6 28. Rd1 Nf3+ 29. gxf3 Rxd1 30. Kg2 Rb1 31. Bc4 Rxb2 32. Bxf7
Kc7 33. Kg3 Kd6 34. Bg8 h6 35. Bh7 Ke5 36. Be4 b5 37. Kh4 Rxf2 0-1

[Event "11. Lichtenberger Sommer"]
[Site "Berlin"]
[Date "2012.08.25"]
[Round "8.85"]
[White "Ziems, Michael"]
[Black "Korb, Viktor"]
[Result "1-0"]
[WhiteElo "1836"]
[BlackElo "1629"]
[PlyCount "133"]
[EventDate "2012.??.??"]
[WhiteTeam "SV Empor Berlin e.V."]
[BlackTeam "SF Siemensstadt"]

1. e4 c6 2. d4 d5 3. Nc3 dxe4 4. Nxe4 Bf5 5. Ng3 Bg6 6. Nf3 Nd7 7. c4 e6 8. Be2
Bd6 9. O-O Ne7 10. b3 b6 11. Bb2 O-O 12. Nh4 Qc7 13. a3 Nf6 14. Bf3 Rad8 15.
Qe2 h6 16. Nxg6 Nxg6 17. Rfe1 Rfe8 18. Rad1 a5 19. Nf1 Nh4 20. g3 Ng6 21. Bg2
Nd7 22. f4 c5 23. dxc5 Bxc5+ 24. Kh1 Nb8 25. Ne3 Nc6 26. Nc2 Nge7 27. Qg4 Nf5
28. Be4 Ncd4 29. Nxd4 Bxd4 30. Bc1 Bf2 31. Rf1 Ne3 32. Bxe3 Bxe3 33. f5 exf5
34. Qxf5 g6 35. Qf3 Rxd1 36. Rxd1 Bc5 37. Bd5 Bxa3 38. Qf6 Bf8 39. Qxg6+ Bg7
40. Rf1 Re7 41. Qf5 Qd7 42. Qf4 Qc7 43. Qf5 Qd7 44. Qh5 Kf8 45. g4 f6 46. Qg6
Qe8 47. Qh7 Rf7 48. h4 Qe3 49. Rf3 Qe1+ 50. Kg2 Qe2+ 51. Kh3 Qe5 52. Bxf7 Kxf7
53. Qf5 Qxf5 54. Rxf5 Bf8 55. g5 hxg5 56. hxg5 Be7 57. Kg4 Kg6 58. gxf6 Bxf6
59. Rd5 Be7 60. Kf4 Kf6 61. Ke4 Ke6 62. Rd1 Bd6 63. Rh1 Kd7 64. Kd5 Bc5 65.
Rh7+ Kc8 66. Kc6 Kb8 67. Rb7+ 1-0

[Event "11. Lichtenberger Sommer"]
[Site "Berlin"]
[Date "2012.08.25"]
[Round "8.86"]
[White "Hesselbarth, Karlheinz"]
[Black "Kohlmeyer, Dagobert"]
[Result "1-0"]
[WhiteElo "1793"]
[BlackElo "1895"]
[PlyCount "111"]
[EventDate "2012.??.??"]
[WhiteTeam "SC Zugzwang 95 e.V."]
[BlackTeam "SC Rochade e.V."]

1. d4 Nf6 2. c4 g6 3. Nc3 d5 4. Bg5 Ne4 5. Bh4 Nxc3 6. bxc3 Bg7 7. e3 O-O 8.
cxd5 Qxd5 9. Qf3 Qxf3 10. Nxf3 Re8 11. Be2 c5 12. O-O cxd4 13. cxd4 Nc6 14.
Rab1 a6 15. Rfc1 Ra7 16. Bg3 e6 17. Rb6 Bf6 18. Kf1 Bd8 19. Rbb1 Bd7 20. Nd2 b5
21. Ne4 Be7 22. Nc5 Bxc5 23. Rxc5 Ne7 24. Rbc1 Rc8 25. Rxc8+ Bxc8 26. Bd6 Bb7
27. Rc7 Nd5 28. Rd7 Nb6 29. Rd8+ Kg7 30. Bc5 Bd5 31. Bxb6 Rb7 32. Bc5 Bxa2 33.
Bf3 Bd5 34. Bxd5 exd5 35. Ra8 b4 36. Rxa6 b3 37. Ra1 h5 38. Ke2 g5 39. Kd2 Kf6
40. Kc3 Kf5 41. f3 Rb8 42. Kb2 Re8 43. Re1 Rb8 44. e4+ dxe4 45. fxe4+ Ke6 46.
Re3 f5 47. Rxb3 Rxb3+ 48. Kxb3 f4 49. Kc4 g4 50. Kd3 h4 51. d5+ Ke5 52. Bd4+
Kd6 53. Ke2 Ke7 54. e5 Kd7 55. Kf1 Ke7 56. h3 1-0